Student Study Art Notebook to Accompany/ (Record no. 2296)
[ view plain ]
| 000 -LEADER | |
|---|---|
| fixed length control field | 00643nam a22001817a 4500 |
| 005 - DATE AND TIME OF LATEST TRANSACTION | |
| control field | 20241215163229.0 |
| 008 - FIXED-LENGTH DATA ELEMENTS--GENERAL INFORMATION | |
| fixed length control field | 241215b |||||||| |||| 00| 0 eng d |
| 020 ## - INTERNATIONAL STANDARD BOOK NUMBER | |
| International Standard Book Number | 9780072978100 |
| 050 ## - LIBRARY OF CONGRESS CALL NUMBER | |
| Classification number | QP34.5 |
| Item number | .W47 |
| 100 ## - MAIN ENTRY--PERSONAL NAME | |
| Personal name | Widmaier, Eric P. |
| 245 ## - TITLE STATEMENT | |
| Title | Student Study Art Notebook to Accompany/ |
| Remainder of title | Vander, Sherman, & Luciano's Human Physiology; The Mechanisms of Body Function |
| Statement of responsibility, etc. | Eric P. Widmaier, Hershel Raff & Kevin T. Strang |
| 250 ## - EDITION STATEMENT | |
| Edition statement | 9th ed. |
| 260 ## - PUBLICATION, DISTRIBUTION, ETC. | |
| Place of publication, distribution, etc. | Boston |
| Name of publisher, distributor, etc. | McGraw Hill Higher Education |
| Date of publication, distribution, etc. | 2004 |
| 300 ## - PHYSICAL DESCRIPTION | |
| Extent | xii.289p. |
| Other physical details | ill. color |
| Dimensions | 27.5cm |
| 700 ## - ADDED ENTRY--PERSONAL NAME | |
| Personal name | Raff, Hershel |
| 700 ## - ADDED ENTRY--PERSONAL NAME | |
| Personal name | Strang, Kevin T. |
| 942 ## - ADDED ENTRY ELEMENTS (KOHA) | |
| Source of classification or shelving scheme | Library of Congress Classification |
| Koha item type | Books |
| Edition | 9th ed. |
| Suppress in OPAC | No |
| 999 ## - | |
| -- | 2296 |
| -- | 2296 |
| Withdrawn status | Lost status | Source of classification or shelving scheme | Damaged status | Not for loan | Collection | Home library | Current library | Shelving location | Date acquired | Total checkouts | Full call number | Barcode | Date last seen | Copy number | Price effective from | Koha item type |
|---|---|---|---|---|---|---|---|---|---|---|---|---|---|---|---|---|
| Library of Congress Classification | Non-fiction | Science Library (Miotso) | Science Library (Miotso) | General stacks | 12/15/2024 | QP34.5 .W47 WID | SLM00001629 | 12/15/2024 | 1 | 12/15/2024 | Books | |||||
| Library of Congress Classification | Non-fiction | Science Library (Miotso) | Science Library (Miotso) | General stacks | 12/15/2024 | QP34.5 .W47 WID | SLM00001630 | 12/15/2024 | 2 | 12/15/2024 | Books | |||||
| Library of Congress Classification | Non-fiction | Science Library (Miotso) | Science Library (Miotso) | General stacks | 12/15/2024 | QP34.5 .W47 WID | SLM00001631 | 12/15/2024 | 3 | 12/15/2024 | Books | |||||
| Library of Congress Classification | Non-fiction | Science Library (Miotso) | Science Library (Miotso) | General stacks | 12/15/2024 | QP34.5 .W47 WID | SLM00001632 | 12/15/2024 | 4 | 12/15/2024 | Books | |||||
| Library of Congress Classification | Non-fiction | Science Library (Miotso) | Science Library (Miotso) | General stacks | 12/15/2024 | QP34.5 .W47 WID | SLM00001633 | 12/15/2024 | 5 | 12/15/2024 | Books |